<?xml version="1.0" encoding="UTF-8"?>
<collection xmlns:xsi="http://www.w3.org/2001/XMLSchema-instance" xsi:schemaLocation="http://www.loc.gov/MARC21/slim http://www.loc.gov/standards/marcxml/schema/MARC21slim.xsd" xmlns="http://www.loc.gov/MARC21/slim">
 <record>
  <leader>00000cab a22000004cb4500</leader>
  <controlfield tag="001">IPP-00000243991</controlfield>
  <controlfield tag="003">IPP</controlfield>
  <controlfield tag="005">20171124125407.0</controlfield>
  <controlfield tag="008">171124s2016    xx     d | ||r |||||eng||</controlfield>
  <datafield tag="041" ind1="#" ind2="#">
   <subfield code="a">eng</subfield>
  </datafield>
  <datafield tag="100" ind1="1" ind2="#">
   <subfield code="a">Mata, Roberto C.</subfield>
  </datafield>
  <datafield tag="245" ind1="1" ind2="0">
   <subfield code="a">Pagbabagong anyo ng bayan at kultura</subfield>
   <subfield code="b">ang mga pransiskano sa sinaunang bayan ng Meykawayan</subfield>
  </datafield>
  <datafield tag="264" ind1="#" ind2="1">
   <subfield code="c">2016</subfield>
  </datafield>
  <datafield tag="300" ind1="#" ind2="#">
   <subfield code="b">illustrations</subfield>
  </datafield>
  <datafield tag="520" ind1="#" ind2="#">
   <subfield code="a">Ang Meykawayan ay naging sentro ng kapangyarihang politikal at sentro ng kultura bago pa man dumating ang mga Espanyol. Saksi ito sa pagbubuo ng kultura ng mga taga-ilog. Binubuo ito ng maraming baryo na ang kabahayan ay nakahanay sa pampang ng ilog. Ang ilog ang naging lunduyan ng etnisidad, wika at kultura. Nagbago ito sa pagdating ng mga Espanyol sa Meykawayan. Dito nila itinago and kanilang misyon. Ang gawain ng pagtatatag ng mga visita at simbahan ay pinasimulan ng mga Pransiskano. Sa tulong ng Pamahalaang Espanyol nagtagpo ang pangangailangan ng pagtatatag ng mga simbahan at mga bayan. Ang dating malawak na bayan ay nahati sa walo. Itinampok sa pag-aaral ang salik sa pagbubuo ng mga bayan - ang pagkilos ng mga Pransiskano, ang paggamit ng lakas paggawa, at pakinabang sa mga institusyong pangkabuhayan. Nagbunsod ito ng malawak na pagbabago sa ugnayan hindi lamang ng mga mamamayan kundi maging ng mga bayan. Upang mabuo ang naratibo, sinangguni ang mga dokumento sa Pambansang Sinupan (isang kalipunan ng mga dokumento mula sa mga namumuo sa mga bayan ng Bulakan noong 1768 ang lubhang naging mahalaga rito), ang mga akda ng mga paring kabilang sa Orden ng Nakaparaang Pransiskano at iba pang mga relihiyoso. Malaki ang naitulong ng mga librong kabilang sa serye na muling inilimbag ng Historical Conservation Society noong dekada '70.</subfield>
  </datafield>
  <datafield tag="650" ind1="1" ind2="0">
   <subfield code="a">Meycauayan, Bulacan</subfield>
  </datafield>
  <datafield tag="773" ind1="0" ind2="#">
   <subfield code="t">UP Los Baños Journal</subfield>
   <subfield code="g">Vol. XIV, no. 1 (Jan. 2016 - Jun. 2016), 81-94</subfield>
  </datafield>
  <datafield tag="942" ind1="#" ind2="#">
   <subfield code="a">Article</subfield>
  </datafield>
  <datafield tag="950" ind1="#" ind2="#">
   <subfield code="a">FI</subfield>
  </datafield>
 </record>
</collection>
